[Event "Capricorne U1400"]
[Site "Chambly CAN"]
[Date "2026.01.21"]
[Round "3.16"]
[White "Raymond, Frederic"]
[Black "Tazi, Mohammed"]
[Result "1/2-1/2"]
[WhiteElo "1156"]
[BlackElo "1275"]
[WhiteFideId "-1"]
[BlackFideId "-1"]
[PlyCount "104"]
[GameId "2276507570260343"]
[EventDate "2026.01.07"]
[EventType "swiss"]
[EventRounds "4"]
[EventCountry "CAN"]

1. c4 e5 2. Nc3 Nf6 3. g3 c6 4. Bg2 Bc5 5. e3 O-O 6. Nge2 d6 7. Na4 Bb4 8. a3 Ba5 9. b4 Bc7 10. O-O Be6 11. d3 d5 12. Nc5 Bc8 13. Bb2 b6 14. Nb3 Be6 15. c5 Ng4 16. d4 e4 17. h3 Nh6 18. Rc1 Qd7 19. h4 Bh3 20. cxb6 axb6 21. Rc2 Bg4 22. Re1 Bf3 23. Qc1 Qg4 24. Nc3 Bxg2 25. Kxg2 Qf3+ 26. Kg1 Ng4 27. Qd1 Qf5 28. Rf1 Nf6 29. Nb5 Qh3 30. f4 Ng4 31. Qe2 Qxg3+ 32. Qg2 Qxg2+ 33. Rxg2 cxb5 34. Rxg4 Nd7 35. Rf2 Bd6 36. Rfg2 g6 37. h5 Nf6 38. Rh4 Rac8 39. hxg6 fxg6 40. f5 Kg7 41. fxg6 hxg6 42. Nc1 Rh8 43. Rxh8 Rxh8 44. Ne2 Rh3 45. Bc1 Nh5 46. Bd2 Ng3 47. Nxg3 Rxg3 48. Rxg3 Bxg3 49. Kg2 Bd6 50. Kh3 Kf6 51. Kg4 Bh2 52. Bc1 g5 1/2-1/2

[Event "Capricorne U1400"]
[Site "Chambly CAN"]
[Date "2026.01.21"]
[Round "3.17"]
[White "Raymond, Pierre"]
[Black "Coutu, Olivier"]
[Result "0-1"]
[WhiteElo "1067"]
[BlackElo "1171"]
[WhiteFideId "-1"]
[BlackFideId "-1"]
[PlyCount "50"]
[GameId "2276507570260344"]
[EventDate "2026.01.07"]
[EventType "swiss"]
[EventRounds "4"]
[EventCountry "CAN"]

1. e4 e5 2. Nf3 d6 3. d4 exd4 4. Nxd4 Nf6 5. Nc3 Be7 6. Bd3 a6 7. Bg5 h6 8. Bxf6 Bxf6 9. Bc4 O-O 10. Qh5 Bxd4 11. O-O Bxc3 12. bxc3 Qf6 13. Qf3 Qxf3 14. gxf3 b5 15. Bd3 f5 16. Rae1 Nc6 17. Kh1 Ne5 18. Be2 Bb7 19. c4 fxe4 20. fxe4 Bxe4+ 21. Kg1 bxc4 22. Bxc4+ Nxc4 23. Rxe4 Nd2 24. Re7 Nxf1 25. Kxf1 Rf7 0-1

[Event "Capricorne U1400"]
[Site "Chambly CAN"]
[Date "2026.01.21"]
[Round "3.18"]
[White "Rodriguez Ocon, Manuel"]
[Black "Roy, Nicholas"]
[Result "1-0"]
[WhiteElo "1155"]
[BlackElo "996"]
[WhiteFideId "-1"]
[BlackFideId "-1"]
[PlyCount "59"]
[GameId "2276507570260345"]
[EventDate "2026.01.07"]
[EventType "swiss"]
[EventRounds "4"]
[EventCountry "CAN"]

1. e4 e6 2. Nc3 d5 3. d4 Nf6 4. exd5 exd5 5. Nf3 c5 6. Bb5+ Nc6 7. Be3 Bg4 8. h3 Bxf3 9. Qxf3 c4 10. Bg5 Bb4 11. Bxf6 gxf6 12. O-O O-O 13. Nxd5 Nxd4 14. Qg4+ Kh8 15. Qxd4 Rc8 16. Qxf6+ Qxf6 17. Nxf6 a6 18. c3 axb5 19. cxb4 c3 20. bxc3 Rxc3 21. Nd5 Rc2 22. Rfc1 Rfc8 23. Rxc2 Rxc2 24. a4 Rc4 25. axb5 Kg7 26. Ra7 Rd4 27. Nb6 Rxb4 28. Rxb7 Rxb5 29. g4 Kf6 30. Nd7+ 1-0

[Event "Capricorne U1400"]
[Site "Chambly CAN"]
[Date "2026.01.21"]
[Round "3.19"]
[White "Laplante, Germain"]
[Black "Tarte, Ariste"]
[Result "1-0"]
[WhiteElo "1207"]
[BlackElo "1130"]
[WhiteFideId "-1"]
[BlackFideId "-1"]
[PlyCount "105"]
[GameId "2276507570260346"]
[EventDate "2026.01.07"]
[EventType "swiss"]
[EventRounds "4"]
[EventCountry "CAN"]

1. d4 g6 2. Bf4 e6 3. e3 Bg7 4. Nf3 Ne7 5. Bd3 d5 6. c3 b6 7. Ne5 Ba6 8. Qa4+ Kf8 9. Bxa6 Nxa6 10. Qxa6 Nf5 11. Qb7 Nd6 12. Qc6 Ne4 13. Nd7+ Ke7 14. Ne5 f6 15. Nxg6+ hxg6 16. Qxc7+ Qxc7 17. Bxc7 b5 18. Nd2 Nxd2 19. Kxd2 a5 20. Bb6 Kf7 21. Bc5 Rh5 22. a3 Bf8 23. b4 Bxc5 24. bxc5 f5 25. h3 Kf6 26. a4 b4 27. Rhb1 bxc3+ 28. Kxc3 g5 29. Rb7 g4 30. c6 gxh3 31. gxh3 Rxh3 32. c7 Rc8 33. Kd3 Ke7 34. Rc1 Kd6 35. Rb6+ Kd7 36. Rcc6 Rh6 37. Rd6+ Kxc7 38. Rxe6 Rxe6 39. Rxe6 Rf8 40. Ra6 f4 41. Rxa5 Kd6 42. Rc5 fxe3 43. fxe3 Ra8 44. a5 Rb8 45. Kc2 Rb4 46. Kc3 Ra4 47. Kb3 Ra1 48. Kb4 Rb1+ 49. Ka4 Re1 50. Rc3 Ra1+ 51. Kb5 Rb1+ 52. Ka6 Rb5 53. Kxb5 1-0

[Event "Capricorne U1400"]
[Site "Chambly CAN"]
[Date "2026.01.21"]
[Round "3.20"]
[White "Monette, Andre"]
[Black "Tse, Caitlin"]
[Result "0-1"]
[WhiteElo "1120"]
[BlackElo "948"]
[WhiteFideId "-1"]
[BlackFideId "-1"]
[PlyCount "72"]
[GameId "2276507570260347"]
[EventDate "2026.01.07"]
[EventType "swiss"]
[EventRounds "4"]
[EventCountry "CAN"]

1. e4 e5 2. Nf3 Nc6 3. Bb5 a6 4. Ba4 Nf6 5. d3 Be7 6. a3 O-O 7. c3 d6 8. Be3 Bg4 9. Nbd2 d5 10. h3 Bh5 11. Bc2 d4 12. Bg5 h6 13. Bxf6 Bxf6 14. cxd4 Nxd4 15. g4 Bg6 16. Nxd4 Qxd4 17. Nf3 Qxb2 18. Rb1 Qxa3 19. Rxb7 Qc3+ 20. Qd2 Qc6 21. Rb4 Be7 22. Rc4 Qb7 23. O-O Rad8 24. Nxe5 Bxe4 25. Rb1 Qd5 26. Rxe4 Qxe4 27. f4 f6 28. Bb3+ Kh7 29. dxe4 Rxd2 30. Nf3 Rd3 31. e5 Rxf3 32. Bc2+ Kh8 33. Kg2 Rxf4 34. Rb7 fxe5 35. Kg3 Rf3+ 36. Kg2 Rf2+ 0-1

[Event "Capricorne U1400"]
[Site "Chambly CAN"]
[Date "2026.01.21"]
[Round "3.21"]
[White "St-Jacques, Martin"]
[Black "Drolet, Dominic"]
[Result "0-1"]
[WhiteElo "1033"]
[BlackElo "1121"]
[WhiteFideId "-1"]
[BlackFideId "-1"]
[PlyCount "132"]
[GameId "2276507570260348"]
[EventDate "2026.01.07"]
[EventType "swiss"]
[EventRounds "4"]
[EventCountry "CAN"]

1. e4 c6 2. d4 d5 3. e5 c5 4. Nf3 e6 5. Be3 g6 6. Bg5 Qc7 7. Bb5+ Bd7 8. Nc3 a6 9. Ba4 b5 10. Bb3 c4 11. Bxc4 Qxc4 12. Qe2 Bb4 13. O-O Bxc3 14. Qxc4 bxc4 15. bxc3 Ne7 16. Bh6 Ba4 17. Rab1 Bxc2 18. Rb2 Bd3 19. Rc1 Nf5 20. Bg5 O-O 21. Bf6 Nd7 22. Ne1 Nxf6 23. exf6 Be4 24. f3 Rab8 25. fxe4 Rxb2 26. exf5 Rfb8 27. Nf3 Rb1 28. Rf1 Rxf1+ 29. Kxf1 Rb2 30. a4 Ra2 31. fxe6 fxe6 32. Ne5 Kf8 33. h4 Ra3 34. g4 Rxc3 35. g5 Rc1+ 36. Ke2 Ra1 37. Kd2 Rxa4 38. Kc3 Ra5 39. Kb4 Rb5+ 40. Ka4 Rb1 41. Nc6 c3 42. Nb4 Ra1+ 43. Kb3 a5 44. Nc2 a4+ 45. Kxc3 Rb1 46. Na3 Rb3+ 47. Kc2 Rxa3 48. Kb2 Rb3+ 49. Ka2 Rh3 50. Kb2 Rxh4 51. Ka3 Rxd4 52. f7 Rh4 53. Kb2 h6 54. gxh6 Rxh6 55. Ka3 Rh4 56. Kb2 g5 57. Kc3 g4 58. Kd3 g3 59. Ke3 a3 60. Kf3 a2 61. Kxg3 Ra4 62. Kf3 a1=Q 63. Ke3 Qd4+ 64. Ke2 Ra3 65. Ke1 Qb2 66. Kd1 Ra1# 0-1

[Event "Capricorne U1400"]
[Site "Chambly CAN"]
[Date "2026.01.21"]
[Round "3.22"]
[White "De Guise, Ronald"]
[Black "Costa, Esteban"]
[Result "0-1"]
[WhiteElo "1323"]
[BlackElo "981"]
[WhiteFideId "-1"]
[BlackFideId "-1"]
[PlyCount "82"]
[GameId "2276507570260349"]
[EventDate "2026.01.07"]
[EventType "swiss"]
[EventRounds "4"]
[EventCountry "CAN"]

1. e4 e6 2. d4 d5 3. e5 c5 4. c3 f6 5. f4 fxe5 6. fxe5 Qh4+ 7. g3 Qe4+ 8. Ne2 Qxh1 9. Nf4 Be7 10. Qh5+ Kf8 11. Nd2 cxd4 12. Ng6+ hxg6 13. Qxh8 dxc3 14. bxc3 Nc6 15. Bb2 Nxe5 16. O-O-O Nf3 17. Be2 Qg2 18. Bxf3 Qf2 19. c4 Bf6 20. Bxf6 gxf6 21. Rf1 Qd4 22. Be2 Bd7 23. Nb3 Qe3+ 24. Kd1 f5 25. Rf3 Qh6 26. Qd4 Ke7 27. h4 Ba4 28. Qc5+ Kf7 29. Re3 dxc4 30. Qe5 cxb3 31. Qxe6+ Kf8 32. Qd6+ Kg7 33. Qd4+ Kh7 34. axb3 Bc6 35. Bc4 Re8 36. Bxg8+ Kxg8 37. Rxe8+ Bxe8 38. Qd5+ Bf7 39. Qxb7 Qe3 40. Qb8+ Kg7 41. b4 Bb3# 0-1

[Event "Capricorne U1400"]
[Site "Chambly CAN"]
[Date "2026.01.21"]
[Round "3.23"]
[White "Savard, Alain"]
[Black "Maillette, Felix"]
[Result "1-0"]
[WhiteElo "1155"]
[BlackElo "930"]
[WhiteFideId "-1"]
[BlackFideId "-1"]
[PlyCount "63"]
[GameId "2276507570260350"]
[EventDate "2026.01.07"]
[EventType "swiss"]
[EventRounds "4"]
[EventCountry "CAN"]

1. d4 e6 2. Bf4 d5 3. e3 Bb4+ 4. c3 Bd6 5. Bg3 Nc6 6. Nd2 e5 7. dxe5 Nxe5 8. Ngf3 Bg4 9. Qb3 b6 10. Nxe5 Bxe5 11. Bxe5 Qg5 12. Qxd5 Ne7 13. Qxa8+ Bc8 14. Bxc7 O-O 15. Qxa7 Nd5 16. O-O-O Bg4 17. Nf3 Bxf3 18. gxf3 Nxe3 19. fxe3 Qxe3+ 20. Kb1 Qxf3 21. Bd3 h5 22. Qxb6 Qd5 23. Qd4 Qg2 24. Be5 f6 25. Bc4+ Kh7 26. Qd3+ g6 27. Rdg1 Qb7 28. Qxg6+ Kh8 29. Bxf6+ Rxf6 30. Qxf6+ Kh7 31. Bd3+ Qe4 32. Bxe4# 1-0

[Event "Capricorne U1400"]
[Site "Chambly CAN"]
[Date "2026.01.28"]
[Round "4.10"]
[White "Hebert, Sebastien"]
[Black "St-Laurent, Luc"]
[Result "1-0"]
[WhiteElo "1329"]
[BlackElo "1328"]
[WhiteFideId "-1"]
[BlackFideId "-1"]
[PlyCount "73"]
[GameId "2276507570260360"]
[EventDate "2026.01.07"]
[EventType "swiss"]
[EventRounds "4"]
[EventCountry "CAN"]

1. e4 c5 2. Nf3 d6 3. Nc3 a6 4. d4 cxd4 5. Nxd4 Nf6 6. Bd3 e5 7. Nf3 Be7 8. O-O O-O 9. Nd5 Nxd5 10. exd5 Bg4 11. Be2 Bxf3 12. Bxf3 Bg5 13. c4 Nd7 14. Qb3 Nc5 15. Qc2 Bxc1 16. Rfxc1 a5 17. a3 a4 18. Re1 Nb3 19. Rad1 Qg5 20. Qc3 f5 21. g3 Nd4 22. Bg2 f4 23. Rxd4 exd4 24. Qxd4 fxg3 25. hxg3 Rae8 26. Rf1 Qf6 27. Qd2 Re7 28. Bh3 Re5 29. c5 dxc5 30. d6 Rd8 31. d7 Qe7 32. Qc3 Rh5 33. Bg4 Rg5 34. Re1 Qf8 35. Qc4+ Kh8 36. Qe6 Rxd7 37. Qxd7 1-0

[Event "Capricorne U1400"]
[Site "Chambly CAN"]
[Date "2026.01.28"]
[Round "4.11"]
[White "Bonin, Francis"]
[Black "Morasse, Daniel"]
[Result "1-0"]
[WhiteElo "1366"]
[BlackElo "1317"]
[WhiteFideId "-1"]
[BlackFideId "-1"]
[PlyCount "59"]
[GameId "2276507570260361"]
[EventDate "2026.01.07"]
[EventType "swiss"]
[EventRounds "4"]
[EventCountry "CAN"]

1. e4 e5 2. Nf3 d6 3. Bc4 Be7 4. d3 Nf6 5. h3 Nc6 6. Nc3 h6 7. Be3 a6 8. a4 Be6 9. Nd5 Bxd5 10. exd5 Nb8 11. b4 c6 12. dxc6 Nxc6 13. c3 d5 14. Ba2 e4 15. Nd4 Nxd4 16. Bxd4 O-O 17. O-O Rc8 18. Re1 exd3 19. Qxd3 Rc6 20. Re3 Re6 21. Rae1 Rxe3 22. Rxe3 Qd7 23. Bxf6 Bxf6 24. Qxd5 Qxa4 25. Bb3 Qa1+ 26. Kh2 Bxc3 27. Re8 Bxb4 28. Qxf7+ Kh8 29. Rxf8+ Bxf8 30. Qg8# 1-0

[Event "Capricorne U1400"]
[Site "Chambly CAN"]
[Date "2026.01.28"]
[Round "4.12"]
[White "Coutu, Olivier"]
[Black "Rodriguez Ocon, Manuel"]
[Result "1-0"]
[WhiteElo "1171"]
[BlackElo "1155"]
[WhiteFideId "-1"]
[BlackFideId "-1"]
[PlyCount "61"]
[GameId "2276507570260362"]
[EventDate "2026.01.07"]
[EventType "swiss"]
[EventRounds "4"]
[EventCountry "CAN"]

1. e4 c5 2. Nf3 e6 3. b3 Nc6 4. d4 d5 5. exd5 exd5 6. Bb2 Nf6 7. Bb5 Bd6 8. O-O O-O 9. Bxc6 cxd4 10. Bb5 a6 11. Be2 Re8 12. Bxd4 Ng4 13. h3 Ne5 14. Nxe5 Bxe5 15. Bxe5 Rxe5 16. f4 Qb6+ 17. Kh1 Rh5 18. Kh2 Rf5 19. Bg4 Rf6 20. Qxd5 Be6 21. Bxe6 fxe6 22. Qc4 Raf8 23. Nc3 Kh8 24. Rfe1 Qd6 25. Ne4 b5 26. Qe2 Qe7 27. Nxf6 Rxf6 28. c4 b4 29. Qe4 Qc5 30. Rad1 Qc7 31. Qa8+ 1-0

[Event "Capricorne U1400"]
[Site "Chambly CAN"]
[Date "2026.01.28"]
[Round "4.13"]
[White "Joyal, Logan"]
[Black "Zheng-Roy, Ethan"]
[Result "1-0"]
[WhiteElo "1246"]
[BlackElo "1120"]
[WhiteFideId "-1"]
[BlackFideId "-1"]
[PlyCount "77"]
[GameId "2276507570260363"]
[EventDate "2026.01.07"]
[EventType "swiss"]
[EventRounds "4"]
[EventCountry "CAN"]

1. e4 c5 2. Nf3 Nc6 3. d4 cxd4 4. Bc4 e6 5. O-O Be7 6. Re1 Qc7 7. Nxd4 a6 8. b3 b5 9. Bb2 Nxd4 10. Bxd4 e5 11. Bd5 Bb7 12. Qh5 Bxd5 13. Bxe5 Qa5 14. b4 Qxb4 15. Bc3 Qc5 16. Bxg7 Nf6 17. Qf5 Rg8 18. Bxf6 Bxf6 19. exd5+ Be7 20. Qf6 Kf8 21. Qh6+ Rg7 22. g3 Re8 23. Nd2 Qxd5 24. Ne4 Qe6 25. Qf4 Qg6 26. h4 Qg4 27. Qe5 Qxh4 28. Nd6 f6 29. Qe3 f5 30. Nxf5 Qf6 31. Nxg7 Qxg7 32. Rad1 Qf7 33. Rxd7 a5 34. Qh6+ Kg8 35. Re4 Kh8 36. Rh4 Rf8 37. Rf4 Qe8 38. Rxe7 Rg8 39. Qxh7# 1-0

[Event "Capricorne U1400"]
[Site "Chambly CAN"]
[Date "2026.01.28"]
[Round "4.14"]
[White "Tse, Caitlin"]
[Black "Laplante, Germain"]
[Result "1-0"]
[WhiteElo "948"]
[BlackElo "1207"]
[WhiteFideId "-1"]
[BlackFideId "-1"]
[PlyCount "85"]
[GameId "2276507570260364"]
[EventDate "2026.01.07"]
[EventType "swiss"]
[EventRounds "4"]
[EventCountry "CAN"]

1. e4 c6 2. Nf3 d5 3. Nc3 d4 4. Ne2 c5 5. c3 d3 6. Nf4 Bg4 7. Nxd3 e6 8. Be2 Bxf3 9. Bxf3 Qxd3 10. e5 Qb5 11. d4 cxd4 12. Qxd4 Bc5 13. Qh4 Bxf2+ 14. Qxf2 Qxe5+ 15. Be3 Nc6 16. O-O Nf6 17. Rad1 O-O 18. Rfe1 Ne4 19. Bxe4 Qxe4 20. Bc5 Qf5 21. Qxf5 exf5 22. Bxf8 Kxf8 23. Rd7 b6 24. Rf1 g6 25. g4 Ne5 26. Rd5 Nxg4 27. c4 Re8 28. b4 a6 29. c5 b5 30. c6 Rc8 31. Rc1 Kg7 32. c7 Nf6 33. Rd8 Rxd8 34. cxd8=Q Ne4 35. Rc8 Nf6 36. Rc6 Ne4 37. Rxa6 f6 38. Qd3 Ng5 39. h4 Nf7 40. Ra7 h5 41. Qd7 Kh6 42. Qxf7 f4 43. Qg7# 1-0

[Event "Capricorne U1400"]
[Site "Chambly CAN"]
[Date "2026.01.28"]
[Round "4.15"]
[White "Tazi, Mohammed"]
[Black "Drolet, Dominic"]
[Result "1-0"]
[WhiteElo "1275"]
[BlackElo "1121"]
[WhiteFideId "-1"]
[BlackFideId "-1"]
[PlyCount "55"]
[GameId "2276507570313613"]
[EventDate "2026.01.07"]
[EventType "swiss"]
[EventRounds "4"]
[EventCountry "CAN"]

1. e4 c6 2. Nf3 d5 3. Nc3 Bg4 4. a3 e5 5. Be2 Bxf3 6. Bxf3 d4 7. Ne2 Bc5 8. d3 Ne7 9. O-O h6 10. Ng3 Nd7 11. Bg4 Nf6 12. Be2 Ng6 13. f4 Bd6 14. f5 Nh4 15. Nh5 Nxh5 16. Bxh5 Qf6 17. g3 Be7 18. gxh4 Qxh4 19. Qg4 Qxg4+ 20. Bxg4 h5 21. Bh3 O-O-O 22. f6+ Kc7 23. fxe7 Rde8 24. Rxf7 g6 25. Bg5 b5 26. Raf1 Kd6 27. Rf8 Rxe7 28. Bxe7+ 1-0

[Event "Capricorne U1400"]
[Site "Chambly CAN"]
[Date "2026.01.28"]
[Round "4.16"]
[White "Costa, Esteban"]
[Black "Savard, Alain"]
[Result "1/2-1/2"]
[WhiteElo "981"]
[BlackElo "1155"]
[WhiteFideId "-1"]
[BlackFideId "-1"]
[PlyCount "72"]
[GameId "2276507570313614"]
[EventDate "2026.01.07"]
[EventType "swiss"]
[EventRounds "4"]
[EventCountry "CAN"]

1. e4 e6 2. d4 d5 3. exd5 exd5 4. Nc3 Nf6 5. Nf3 Be7 6. Be2 O-O 7. O-O c6 8. Re1 Nbd7 9. Ne5 b6 10. Nxc6 Qe8 11. Bg5 Bb7 12. Nxe7+ Qxe7 13. Ba6 Qb4 14. Bxb7 Rab8 15. Bxf6 Nxf6 16. Bxd5 Qxb2 17. Qd3 Rbc8 18. Na4 Qb4 19. Qb3 Qxd4 20. Rad1 Qh4 21. Re7 Qh5 22. Qf3 Qg6 23. c3 Qc2 24. Bb3 Qg6 25. h3 b5 26. Nb2 a6 27. c4 bxc4 28. Nxc4 Rcd8 29. Ne5 Rxd1+ 30. Qxd1 Qh6 31. Bxf7+ Kh8 32. Qd6 Qc1+ 33. Kh2 Qf4+ 34. g3 Qxf2+ 35. Kh1 Qf1+ 36. Kh2 Qf2+ 1/2-1/2

[Event "Capricorne U1400"]
[Site "Chambly CAN"]
[Date "2026.01.28"]
[Round "4.17"]
[White "Barrette, Mathieu"]
[Black "Capotorto, Michele"]
[Result "1-0"]
[WhiteElo "1157"]
[BlackElo "930"]
[WhiteFideId "-1"]
[BlackFideId "-1"]
[PlyCount "63"]
[GameId "2276507570317711"]
[EventDate "2026.01.07"]
[EventType "swiss"]
[EventRounds "4"]
[EventCountry "CAN"]

1. d4 d5 2. c4 Nf6 3. Nc3 c6 4. Nf3 Bg4 5. Qb3 b6 6. cxd5 Nxd5 7. e4 Nf6 8. Bc4 Bxf3 9. gxf3 e6 10. Bg5 Be7 11. O-O-O O-O 12. e5 Nh5 13. Be3 b5 14. Be2 Na6 15. f4 Qa5 16. a3 Rab8 17. Bxh5 b4 18. Qa4 Qb6 19. d5 c5 20. Ne4 bxa3 21. Qxa3 Qb5 22. d6 Qc4+ 23. Nc3 Bd8 24. Be2 Qb3 25. Qxb3 Rxb3 26. Bxa6 Bh4 27. d7 Rfb8 28. Rd2 R3b4 29. Rhd1 R4b6 30. d8=Q+ Bxd8 31. Rxd8+ Rxd8 32. Rxd8# 1-0

[Event "Capricorne U1400"]
[Site "Chambly CAN"]
[Date "2026.01.28"]
[Round "4.18"]
[White "Drolet, Emilien"]
[Black "De Guise, Ronald"]
[Result "0-1"]
[WhiteElo "1002"]
[BlackElo "1323"]
[WhiteFideId "-1"]
[BlackFideId "-1"]
[PlyCount "56"]
[GameId "2276507570317712"]
[EventDate "2026.01.07"]
[EventType "swiss"]
[EventRounds "4"]
[EventCountry "CAN"]

1. e4 e5 2. Nf3 d6 3. Nc3 h6 4. d3 Nc6 5. Be3 Nf6 6. h3 a6 7. Be2 Be6 8. d4 exd4 9. Nxd4 Qd7 10. Bf3 Ne5 11. Nxe6 Nxf3+ 12. Qxf3 Qxe6 13. O-O Be7 14. e5 Nd7 15. exd6 Bxd6 16. Qxb7 O-O 17. Rfe1 Qf5 18. Qe4 Qa5 19. b4 Qxb4 20. Qd3 Ne5 21. Qd2 Rfd8 22. a3 Qa5 23. Qd4 Nf3+ 24. gxf3 Bh2+ 25. Kxh2 Rxd4 26. Bxd4 c5 27. Bxg7 Kxg7 28. Re5 Qxc3 0-1

[Event "Carnaval"]
[Site "Quebec CAN"]
[Date "2026.02.22"]
[Round "5"]
[White "Bourassa, Samuel"]
[Black "Tremblay, Rejean"]
[Result "0-1"]
[WhiteElo "1992"]
[BlackElo "2132"]
[WhiteFideId "-1"]
[BlackFideId "-1"]
[PlyCount "70"]
[GameId "2283952154005854"]
[EventDate "2026.02.20"]
[EventType "swiss"]
[EventRounds "5"]
[EventCountry "CAN"]

1. e4 c5 2. Nc3 d6 3. d4 cxd4 4. Qxd4 Nc6 5. Qd2 g6 6. b3 Bh6 7. Qd1 Bg7 8. Bb2 Nf6 9. f3 h5 10. Bb5 Bd7 11. Bxc6 bxc6 12. Nge2 Qb6 13. Na4 Qa5+ 14. Bc3 Qc7 15. Nb2 O-O 16. Qd3 c5 17. O-O-O Qb7 18. Kb1 Rfc8 19. Ka1 Bb5 20. Qd2 a5 21. a4 Bxe2 22. Qxe2 c4 23. Nxc4 d5 24. exd5 Rxc4 25. bxc4 Qd7 26. Kb1 Qxa4 27. Bb2 Rb8 28. c3 Nd7 29. Qc2 Qxc4 30. Rd4 Bxd4 31. cxd4 Qxd5 32. Rd1 e6 33. Rd2 Nb6 34. Qc5 Qb3 35. Qc2 Nc4 0-1

[Event "Carnaval"]
[Site "Quebec CAN"]
[Date "2026.02.20"]
[Round "1"]
[White "Alcantara, Maximo"]
[Black "Sambuev, Bator"]
[Result "0-1"]
[WhiteElo "1941"]
[BlackElo "2536"]
[WhiteFideId "-1"]
[BlackFideId "-1"]
[PlyCount "60"]
[GameId "2286552147746826"]
[EventDate "2026.02.20"]
[EventType "swiss"]
[EventRounds "5"]
[EventCountry "CAN"]
[TimeControl "5400+30"]

1. e4 e5 2. Nf3 Nc6 3. Bb5 a6 4. Ba4 Nf6 5. d3 d6 6. c3 g6 7. O-O Bg7 8. Re1 O-O 9. Bxc6 bxc6 10. d4 Nd7 11. Nbd2 exd4 12. cxd4 c5 13. d5 Nb6 14. Nf1 a5 15. Ne3 a4 16. Rb1 Re8 17. Qc2 Qe7 18. Nc4 Nxd5 19. Bg5 Nb4 20. Qd2 Qe6 21. b3 axb3 22. axb3 Bb7 23. Bh6 Ra2 24. Qg5 f6 25. Qh4 g5 26. Qh5 Nd3 27. Bxg7 Kxg7 28. g3 Nxe1 29. Rxe1 Qf7 30. Qg4 Bc8 0-1

[Event "Carnaval"]
[Site "Quebec CAN"]
[Date "2026.02.20"]
[Round "1"]
[White "Song, Julien"]
[Black "Belanger, Mathieu-Olivier"]
[Result "1-0"]
[WhiteElo "2458"]
[BlackElo "1920"]
[WhiteFideId "-1"]
[BlackFideId "-1"]
[PlyCount "124"]
[GameId "2286552151322635"]
[EventDate "2026.02.20"]
[EventType "swiss"]
[EventRounds "5"]
[EventCountry "CAN"]
[TimeControl "5400+30"]

1. d4 Nf6 2. c4 g6 3. Nf3 Bg7 4. e3 d6 5. Be2 O-O 6. Nc3 Nbd7 7. O-O e5 8. b4 Ne8 9. Bb2 f5 10. a4 c6 11. Qb3 Nef6 12. dxe5 Nxe5 13. c5+ Kh8 14. cxd6 Nxf3+ 15. Bxf3 Qxd6 16. Rfd1 Qe7 17. b5 Be6 18. Qa3 Qxa3 19. Bxa3 Rfd8 20. bxc6 bxc6 21. Rac1 Nd5 22. Nxd5 Bxd5 23. Bxd5 Rxd5 24. Rxd5 cxd5 25. Rd1 Rd8 26. Bc5 Rd7 27. Kf1 Kg8 28. Ke2 Kf7 29. Kd3 Ke6 30. Rb1 Rc7 31. Rb5 Be5 32. Ra5 Bd6 33. Bxa7 Bb4 34. Ra6+ Kd7 35. Bd4 Rc1 36. Ra7+ Rc7 37. Ra8 Rc8 38. Rxc8 Kxc8 39. Bb6 Kb7 40. a5 Kc6 41. Kd4 Bd6 42. h3 g5 43. f3 Bg3 44. Bd8 h6 45. Bb6 Bd6 46. g4 fxg4 47. fxg4 Bg3 48. e4 Bf2+ 49. Kd3 Bg3 50. exd5+ Kxd5 51. a6 Bb8 52. a7 Bxa7 53. Bxa7 Ke6 54. Ke4 Kf6 55. Bd4+ Kg6 56. Ke5 h5 57. Ke6 hxg4 58. hxg4 Kh7 59. Kf5 Kh6 60. Kf6 Kh7 61. Kxg5 Kg8 62. Kg6 Kf8 1-0

[Event "Carnaval"]
[Site "Quebec CAN"]
[Date "2026.02.20"]
[Round "1"]
[White "Drolet, Stephane"]
[Black "Chiku-Ratte, Olivier-Kenta"]
[Result "0-1"]
[WhiteElo "1896"]
[BlackElo "2404"]
[WhiteFideId "-1"]
[BlackFideId "-1"]
[PlyCount "90"]
[GameId "2286552151334924"]
[EventDate "2026.02.20"]
[EventType "swiss"]
[EventRounds "5"]
[EventCountry "CAN"]
[TimeControl "5400+30"]

1. Nf3 Nf6 2. c4 e6 3. Nc3 d5 4. d4 Bb4 5. Qa4+ Nc6 6. e3 O-O 7. Bd2 a6 8. Qc2 Bd6 9. c5 Be7 10. Rb1 e5 11. Nxe5 Nxe5 12. dxe5 Ng4 13. Ne2 Nxe5 14. Nd4 Bg4 15. f4 Bh4+ 16. g3 Nf3+ 17. Kf2 Nxd2 18. Qxd2 Bf6 19. h3 Bd7 20. Bg2 c6 21. b4 Re8 22. Rhe1 Qc8 23. h4 Bh3 24. Bf3 Bg4 25. Bg2 Bh5 26. Rh1 Bg6 27. Rb3 Be4 28. Bh3 Qd8 29. Rh2 Qe7 30. Bg4 a5 31. a3 axb4 32. axb4 Ra1 33. h5 Rea8 34. Rb2 R1a3 35. Be2 h6 36. Bf1 Bh7 37. Rh1 Be4 38. Rg1 Qd7 39. b5 Qg4 40. Qe2 Bxd4 41. Qxg4 Bxe3+ 42. Ke2 Bxg1 43. bxc6 Bf3+ 44. Qxf3 Re8+ 45. Kd2 Rxf3 0-1

[Event "Carnaval"]
[Site "Quebec CAN"]
[Date "2026.02.20"]
[Round "1"]
[White "Latorre, Vincent"]
[Black "Vaillant, Charles-Etienne"]
[Result "1-0"]
[WhiteElo "2383"]
[BlackElo "1863"]
[WhiteFideId "-1"]
[BlackFideId "-1"]
[PlyCount "107"]
[GameId "2286552151347213"]
[EventDate "2026.02.20"]
[EventType "swiss"]
[EventRounds "5"]
[EventCountry "CAN"]
[TimeControl "5400+30"]

1. e4 c5 2. Nf3 e6 3. d4 cxd4 4. Nxd4 Nf6 5. Nc3 Nc6 6. Ndb5 Bc5 7. Bf4 O-O 8. Bc7 Qe7 9. Bd6 Bxd6 10. Qxd6 Qd8 11. O-O-O a6 12. Nd4 Ne7 13. e5 Ne8 14. Qa3 Ng6 15. f4 Nxf4 16. h4 f6 17. exf6 Qxf6 18. g3 Nh5 19. Ne4 Qe5 20. Bg2 d5 21. Nc5 Qxg3 22. Ncxe6 Qxa3 23. bxa3 Rf2 24. Bxd5 Kh8 25. Rhe1 Nef6 26. Bb3 Bxe6 27. Nxe6 Nf4 28. Nd8 b5 29. Re7 h6 30. Rf7 Rc8 31. Kb2 Rh2 32. Rf8+ Kh7 33. Ne6 Rxf8 34. Nxf8+ Kh8 35. Rd8 g5 36. hxg5 hxg5 37. Ne6+ Kh7 38. Nxg5+ Kg6 39. Ne6 Nxe6 40. Bxe6 Re2 41. Bc8 a5 42. Ba6 Re5 43. Rb8 b4 44. axb4 axb4 45. Bd3+ Kf7 46. Rxb4 Ke7 47. a4 Nd7 48. Bb5 Re3 49. a5 Re6 50. a6 Nb6 51. Bf1 Rd6 52. a7 Na8 53. Bg2 Rd8 54. Rb8 1-0

[Event "Carnaval"]
[Site "Quebec CAN"]
[Date "2026.02.20"]
[Round "1"]
[White "Audouze, Oscar"]
[Black "Rainfray, Arnaud"]
[Result "0-1"]
[WhiteElo "1844"]
[BlackElo "2336"]
[WhiteFideId "-1"]
[BlackFideId "-1"]
[PlyCount "66"]
[GameId "2286552151355406"]
[EventDate "2026.02.20"]
[EventType "swiss"]
[EventRounds "5"]
[EventCountry "CAN"]
[TimeControl "5400+30"]

1. d4 d5 2. c4 e6 3. Nc3 Bb4 4. cxd5 exd5 5. a3 Bxc3+ 6. bxc3 Ne7 7. Nf3 O-O 8. Bf4 Ng6 9. Bd2 Nd7 10. e3 Re8 11. Be2 c5 12. c4 dxc4 13. Bxc4 cxd4 14. Nxd4 Nde5 15. Be2 Qd5 16. O-O Nh4 17. f3 Nc4 18. Qa4 b5 19. Nxb5 Qxd2 20. Qxc4 Ba6 21. e4 Red8 22. Rad1 Qe3+ 23. Kh1 h6 24. Rd3 Qg5 25. g3 Ng6 26. f4 Qe7 27. e5 Rdc8 28. Qb3 Rab8 29. a4 Bb7+ 30. Bf3 a6 31. Qa3 axb5 32. Qxe7 Bxf3+ 33. Rfxf3 Nxe7 0-1

[Event "Carnaval"]
[Site "Quebec CAN"]
[Date "2026.02.20"]
[Round "1"]
[White "Adam, Rafael"]
[Black "Dube, Daniel"]
[Result "1-0"]
[WhiteElo "2304"]
[BlackElo "1840"]
[WhiteFideId "-1"]
[BlackFideId "-1"]
[PlyCount "42"]
[GameId "2286552151355407"]
[EventDate "2026.02.20"]
[EventType "swiss"]
[EventRounds "5"]
[EventCountry "CAN"]
[TimeControl "5400+30"]

1. d4 d6 2. Nf3 Nf6 3. c4 g6 4. g3 Bg7 5. Bg2 O-O 6. Nc3 Nc6 7. d5 Na5 8. b3 c5 9. Bb2 a6 10. O-O Rb8 11. Nd2 b5 12. Qc2 e6 13. e4 exd5 14. cxd5 Nd7 15. Rae1 Nb6 16. Nd1 Bxb2 17. Nxb2 b4 18. f4 f5 19. e5 Nb7 20. Ndc4 Nd7 21. e6 Nf6 1-0